| 000 | 01666nam a2200493 i 4500 | ||
|---|---|---|---|
| 001 | 1484 | ||
| 003 | KOSZ 005 | ||
| 005 | 20201201090638.0 | ||
| 008 | 000320s1980 pl a f f |000 0 pol d | ||
| 015 | _aUWD 1980/9127 | ||
| 020 | _a8321329780 | ||
| 035 | _a991013542549705066 | ||
| 035 | _a(PL-WaBN)b13647702-48omnis_nlop | ||
| 035 | _ab13647702 | ||
| 035 | _a(OCoLC)749956955 | ||
| 035 | _a(PL)b0000001364770 | ||
| 035 | _a(EXLNZ-48OMNIS_NETWORK)9910478516805606 | ||
| 040 |
_aWA N _cWA N _dKR U _dKOSZ 005/HR |
||
| 041 | 0 | _apol | |
| 046 | _k1980 | ||
| 080 | _a628.1 | ||
| 080 | _a(075.8) | ||
| 245 | 0 | 0 |
_aUrządzenia do uzdatniania wody : _bzasady projektowania i przykłady obliczeń / _cpraca napisana pod kier. Zbigniewa Heidricha ; [aut.] Z. Heidrich [et al.]. |
| 260 |
_aWarszawa : _b"Arkady", _c1980. |
||
| 300 |
_a325, [1] s. : _bil., tab., wykr. ; _c25 cm. |
||
| 336 |
_aTekst _btxt _2rdacontent |
||
| 337 |
_aBez urządzenia pośredniczącego _bn _2rdamedia |
||
| 338 |
_aWolumin _bnc _2rdacarrier |
||
| 380 | _aKsiążki | ||
| 380 | _aPublikacje dydaktyczne | ||
| 385 |
_mPoziom nauczania _aSzkoły wyższe |
||
| 388 | _a1901-2000 | ||
| 388 | _a1945-1989 | ||
| 504 | _aBibliogr. s. 321-[324]. | ||
| 650 | 7 |
_aStacje uzdatniania wody _2DBN |
|
| 650 | 7 | _aProjektowanie | |
| 655 | 7 |
_aPodręczniki akademickie _2DBN |
|
| 658 | _aInżynieria i technika | ||
| 700 | 1 |
_aHeidrich, Zbigniew _eAutor |
|
| 710 | 2 |
_aWydawnictwo Arkady _4pbl |
|
| 856 |
_uhttp://koha.tu.koszalin.pl/cgi-bin/koha/opac-detail.pl?biblionumber=1484 _yKatalog online BPK |
||
| 942 |
_2UKD _cKS |
||
| 999 |
_c1484 _d1484 |
||